Methodological Bases and Concepts for Stabilization of Human Capital in Enterprises

Význam stabilizácie ľudského kapitálu. Dôležité metodologické východiská a koncepcie ako základ rozsiahlejšieho výskumu.

Guardado en:
Detalles Bibliográficos
Autor principal: Kissová, Jana, 1979-
Otros Autores: Dubcová, Gabriela, 1968-
Formato: Capítulo de libro
Lenguaje:eslovaco
Materias:
Etiquetas: Agregar Etiqueta
Sin Etiquetas, Sea el primero en etiquetar este registro!

MARC

LEADER 00000naa$a2200000$$$4500
001 0250861
005 20240502083717.2
041 0 |a slo 
044 |a CZ 
245 1 0 |a Methodological Bases and Concepts for Stabilization of Human Capital in Enterprises  |c Jana Kissová, Gabriela Dubcová 
520 |a Význam stabilizácie ľudského kapitálu. Dôležité metodologické východiská a koncepcie ako základ rozsiahlejšieho výskumu. 
610 2 0 |a zdroje ľudské 
610 2 0 |a stabilizácia pracovníkov 
610 2 0 |a zamestnanci 
610 2 0 |a metodológia 
610 2 0 |a kapitál ľudský 
610 2 0 |a riadenie ľudských zdrojov 
100 1 |a Kissová, Jana, 1979- 
700 1 |a Dubcová, Gabriela, 1968-